书目信息 |
| 题名: |
我是网虫我怕谁:网民对垒“金王论战”
|
|
| 作者: | 文硕 , 李克 主编 | |
| 分册: | ||
| 出版信息: | 北京 中国广播电视出版社 1999.12 |
|
| 页数: | 334页 | |
| 开本: | 32开 | |
| 丛书名: | ||
| 单 册: | ||
| 中图分类: | I207.7 | |
| 科图分类: | ||
| 主题词: | 文学--中国 | |
| 电子资源: | ||
| ISBN: | 7-5043-3455-3 | |
| 000 | 00651nam0 2200205 45 | |
| 001 | 0008070862 | |
| 005 | 20000807082929.2 | |
| 010 | @a7-5043-3455-3@d19.80元 | |
| 100 | @a20000807d1999 km y0chiy0120 ea | |
| 101 | 0 | @achi |
| 105 | @a z 000yy | |
| 200 | 1 | @a我是网虫我怕谁:网民对垒“金王论战”@AWo Shi Wang Chong Wo Pa Shui:Wang Min Dui Lei“Jin Wang Lun Zhan”@f文硕,李克主编@FWen Shuo,Li Ke Zhu Bian |
| 210 | @a北京@c中国广播电视出版社@d1999.12 | |
| 215 | @a334页@d32开 | |
| 606 | 0 | @a文学@x中国 |
| 690 | @aI207.7@v3 | |
| 701 | 0 | @a文硕@4主编 |
| 701 | 0 | @a李克@4主编 |
| 801 | @aCN@bPftUser@c20000807 | |
| 905 | @b88943-947@dI207.7@eW.644@f5 | |
| 我是网虫我怕谁:网民对垒“金王论战”/文硕,李克主编.-北京:中国广播电视出版社,1999.12 |
| 334页;32开 |
| ISBN 7-5043-3455-3:19.80元 |
| ● |
| 相关链接 |
|
|
|
正题名:我是网虫我怕谁:网民对垒"金王论战"
索取号:I207.7/W.644
 
预约/预借
| 序号 | 登录号 | 条形码 | 馆藏地/架位号 | 状态 | 备注 |
| 1 | 88943 | 200889431 | 文学库108/108文学库 11排2列1层/ [索取号:I207.7/W.644] | 在馆 | |
| 2 | 88944 | 200889440 | 文学库108/108文学库 11排2列1层/ [索取号:I207.7/W.644] | 在馆 | |
| 3 | 88945 | 200889459 | 社科二线422/422社科库 22排2列4层/ [索取号:I207.7/W.644] | 在馆 | |
| 4 | 88946 | 200889468 | 文学库108/400B社科库 26排4列1层/ [索取号:I207.7/W.644] | 在馆 | |
| 5 | 88947 | 200889477 | 文学库108/ [索取号:I207.7/W.644] | 在馆 |